Корни : (Record no. 423921)
[ view plain ]
| 000 -LEADER | |
|---|---|
| fixed length control field | 00868nam a2200217 a 4500 |
| 003 - CONTROL NUMBER IDENTIFIER | |
| control field | AM-YeHGA |
| 040 ## - CATALOGING SOURCE | |
| Original cataloging agency | AM-YeHGA |
| 090 ## - LOCALLY ASSIGNED LC-TYPE CALL NUMBER (OCLC); LOCAL CALL NUMBER (RLIN) | |
| -- | 426372 |
| 005 - DATE AND TIME OF LATEST TRANSACTION | |
| control field | 20250618075030.0 |
| 008 - FIXED-LENGTH DATA ELEMENTS--GENERAL INFORMATION | |
| fixed length control field | 180801s1959 ru |||||r|||||000|1|rus|| |
| 041 1# - LANGUAGE CODE | |
| Language code of text/sound track or separate title | rus |
| Language code of original | heb |
| 100 1# - MAIN ENTRY--PERSONAL NAME | |
| Personal name | Альтман, Моисей Елевич |
| 245 10 - TITLE STATEMENT | |
| Title | Корни : |
| Remainder of title | Рассказы / |
| Statement of responsibility, etc. | М. Альтман ; Пер. с евр. О. Любомирского. |
| 260 ## - PUBLICATION, DISTRIBUTION, ETC. | |
| Place of publication, distribution, etc. | Москва : |
| Name of publisher, distributor, etc. | Сов. писатель, |
| Date of publication, distribution, etc. | 1959. |
| 300 ## - PHYSICAL DESCRIPTION | |
| Extent | 132 с. ; |
| Dimensions | 21 см. |
| 505 1# - FORMATTED CONTENTS NOTE | |
| Formatted contents note | Содерж. : Корни ; Первый ягненок ; Хлебец надежды ; Справедливость и др. |
| 650 14 - SUBJECT ADDED ENTRY--TOPICAL TERM | |
| Topical term or geographic name entry element | Художественная литература |
| 9 (RLIN) | 4918 |
| 650 14 - SUBJECT ADDED ENTRY--TOPICAL TERM | |
| Topical term or geographic name entry element | Еврейская литература |
| 700 1# - ADDED ENTRY--PERSONAL NAME | |
| Personal name | Любомирский, О. |
| Relator term | пер. |
| Relationship | trl |
| 942 ## - ADDED ENTRY ELEMENTS (KOHA) | |
| Source of classification or shelving scheme | Universal Decimal Classification |
| Koha item type | Գրքեր / Books |
| Withdrawn status | Lost status | Source of classification or shelving scheme | Damaged status | Not for loan | Collection | Home library | Current library | Date acquired | Total checkouts | Full call number | Barcode | Date last seen | Price effective from | Koha item type | Public note |
|---|---|---|---|---|---|---|---|---|---|---|---|---|---|---|---|
| Universal Decimal Classification | General | Fundamental Scientific Library | Fundamental Scientific Library | 26/06/2019 | PII/6949 | FL0590435 | 26/06/2019 | 26/06/2019 | Գրքեր / Books | 30 Days Loan |
ՀՀ Գիտությունների ազգային ակադեմիայի հիմնարար գիտական գրադարան = Fundamental Scientific Library of NAS RA
All site content, except where otherwise noted, is licensed under a